ARRUPE JESUIT UNIVERSITY

CORONAVIRUS -STOP THE SPREAD - CLEAN,DISINFECT,COVER

La Societe De Saint-Vincent-De-Paul (Record no. 120046)

MARC details
000 -LEADER
fixed length control field 00459nam a22001337a 4500
008 - FIXED-LENGTH DATA ELEMENTS--GENERAL INFORMATION
fixed length control field 140212b xxu||||| |||| 00| 0 eng d
050 ## - LIBRARY OF CONGRESS CALL NUMBER
Classification number BX809.S7.M555
100 ## - MAIN ENTRY--PERSONAL NAME
Personal name Mercier, Charles
9 (RLIN) 8626
245 ## - TITLE STATEMENT
Title La Societe De Saint-Vincent-De-Paul
Remainder of title Une Memoire des Origines en Mouvement 1833-1914 /
Statement of responsibility, etc Charles Mercier
260 ## - PUBLICATION, DISTRIBUTION, ETC. (IMPRINT)
Place of publication, distribution, etc Paris
Name of publisher, distributor, etc L' Harmattan
Date of publication, distribution, etc 2006
300 ## - PHYSICAL DESCRIPTION
Extent 165p.; 22cm.
650 ## - SUBJECT ADDED ENTRY--TOPICAL TERM
Topical term or geographic name as entry element Society of St. Vincent de Paul
9 (RLIN) 8627
942 ## - ADDED ENTRY ELEMENTS (KOHA)
Source of classification or shelving scheme Library of Congress Classification
Item type Monograph ( Printed materials)
Holdings
Withdrawn status Lost status Source of classification or shelving scheme Damaged status Not for loan Home library Current library Shelving location Date acquired Total Checkouts Full call number Barcode Date last seen Price effective from Koha item type
    Library of Congress Classification     ARRUPE LIBRARY ARRUPE LIBRARY Main Collection 12/02/2014   BX809.S7.M555 46410578 22/11/2017 12/02/2014 Monograph ( Printed materials)

 

Arrupe Library. PO Box MP320 Mt Pleasant, Harare, Zimbabwe
263 242 745411|librarian@aju.ac.zw